The other walls : the Arab-Israeli peace process in a global perspective /
Enregistré dans:
| Auteur principal: | |
|---|---|
| Format: | Livre |
| Publié: |
Princeton, N.J. :
Princeton University Press,
c1991
|
| Édition: | Rev. ed. |
| Sujets: | |
| Accès en ligne: | http://www.loc.gov/catdir/description/prin031/90025783.html |
| Tags: |
Ajouter un tag
Pas de tags, Soyez le premier à ajouter un tag!
|
MARC
| LEADER | 00000pam a2200000 a 4500 | ||
|---|---|---|---|
| 020 | |a 0691078882 (alk. paper) : |c TZS 825/= | ||
| 020 | |a 0691023379 (pbk. : alk. paper) : | ||
| 040 | |a MUL |b eng. |e AACR | ||
| 082 | 0 | 0 | |a 327.160956 SAU |
| 100 | 1 | |a Saunders, Harold H. | |
| 245 | 1 | 4 | |a The other walls : |b the Arab-Israeli peace process in a global perspective / |c Harold H. Saunders |
| 250 | |a Rev. ed. | ||
| 260 | |a Princeton, N.J. : |b Princeton University Press, |c c1991 | ||
| 300 | |a xliv, 240 p. : |b ill. ; |c 25 cm. | ||
| 504 | |a Includes bibliographical references and index. | ||
| 650 | 0 | |a Arab-Israeli conflict | |
| 650 | 0 | |a Mediation, International | |
| 856 | 4 | 2 | |u http://www.loc.gov/catdir/description/prin031/90025783.html |
| 942 | |c BK | ||
| 999 | |c 7681 |d 7681 | ||